000
00323nam a2200145Ia 4500
008
150301s2015 xx 000 0 und d
082
_a
615.312
_b
P5W
100
_a
WALLIS, T.E
245
_a
TB OF PHARMACOGNOSY
250
_a
5TH
260
_b
CBS- DELHI
300
_a
652
650
_a
PHARMACEUTICS
942
_2
ddc
_c
BK
_0
1
999
_c
7283
_d
7283